[Event "Latin Cup-A 6th"]
[Site "Buenos Aires"]
[Date "2015.03.20"]
[Round "2"]
[White "Paveto, Kevin"]
[Black "Wainer, Daniel"]
[Result "1-0"]
[WhiteElo "2397"]
[BlackElo "2117"]
[PlyCount "77"]
[EventDate "2015.03.19"]
[EventType "swiss"]
[EventRounds "9"]
[EventCountry "ARG"]
[SourceTitle "CBM 165 Extra"]
[Source "ChessBase"]
[SourceDate "2015.04.21"]
[SourceVersion "1"]
[SourceVersionDate "2015.04.21"]
[SourceQuality "1"]

1. e4 Nf6 2. e5 Nd5 3. d4 d6 4. c4 Nb6 5. f4 dxe5 6. fxe5 c5 7. d5 e6 8. Nc3 exd5 9. cxd5 c4 10. d6 Nc6 11. Nf3 Bg4 12. Bf4 g5 13. Ne4 gxf4 14. Nf6+ Qxf6 15. exf6 0-0-0 16. Qd2 Bxd6 17. 0-0-0 Be5 18. Qe1 Rxd1+ 19. Qxd1 Bd4 20. Qc2 Nb4 21. Qe4 Be3+ 22. Kb1 Be6 23. a3 Bd5 24. Qf5+ Be6 25. Qb5 Nc6 26. Qh5 Rd8 27. Be2 Rd5 28. Qh6 Rb5 29. Rd1 Na4 30. Ng5 Rxb2+ 31. Ka1 Rxe2 32. Nxe6 b6 33. Qf8+ Kb7 34. Qxf7+ Ka6 35. Nc7+ Kb7 36. Na6+ Kxa6 37. Qxc4+ Kb7 38. Rd7+ Kb8 39. Qg8+ 1-0

[Event "LNA Puma Cup"]
[Site "Argentina"]
[Date "2006.09.09"]
[Round "2"]
[White "Pradines, Emanuel"]
[Black "Wainer, Daniel"]
[Result "1/2-1/2"]
[WhiteElo "1812"]
[BlackElo "2139"]
[PlyCount "163"]
[EventDate "2006.09.03"]
[EventType "swiss"]
[EventRounds "8"]
[EventCountry "ARG"]
[SourceTitle "EXT 2008"]
[Source "ChessBase"]
[SourceDate "2007.11.25"]
[SourceVersion "1"]
[SourceVersionDate "2007.11.25"]
[SourceQuality "1"]

1. e4 Nf6 2. Nc3 d5 3. e5 d4 4. exf6 dxc3 5. bxc3 gxf6 6. Bc4 Nc6 7. d4 Bf5 8. Rb1 Rb8 9. Ba3 e6 10. Bxf8 Kxf8 11. Bd3 Bxd3 12. Qxd3 Qd5 13. Nf3 Qxa2 14. 0-0 Qd5 15. Rb5 Qd6 16. Rfb1 b6 17. Rh5 a5 18. Rxh7 Rxh7 19. Qxh7 a4 20. Qh4 Ke7 21. Nd2 a3 22. Ne4 a2 23. Qxf6+ Kd7 24. Qxf7+ Qe7 25. Qxe7+ Kxe7 26. Ra1 Ra8 27. f4 b5 28. Kf2 b4 29. Ke3 bxc3 30. Nxc3 Nb4 31. Kd2 Rd8 32. Ne2 Ra8 33. c3 Nd5 34. g3 Kd6 35. Nc1 Rh8 36. h4 Rg8 37. Ne2 Nf6 38. Kd3 Nh5 39. Rxa2 Nxg3 40. Ra6+ c6 41. c4 Nxe2 42. Kxe2 Rg4 43. Ke3 Rxh4 44. Ra7 Rh1 45. Ra2 Re1+ 46. Re2 Rc1 47. Kd3 Rf1 48. Ke4 Rh1 49. c5+ Ke7 50. f5 exf5+ 51. Kxf5+ Kd7 52. Re4 Rh5+ 53. Kf6 Rh6+ 54. Kg5 Rh1 55. Rf4 Rg1+ 56. Kf6 Rh1 57. Kf7 Rd1 58. Kf6 Rh1 59. Rg4 Rf1+ 60. Ke5 Re1+ 61. Kf5 Rf1+ 62. Rf4 Rh1 63. Kf6 Rg1 64. Kf7 Rd1 65. Kf8 Rd2 66. Re4 Rf2+ 67. Kg7 Rg2+ 68. Kf6 Rf2+ 69. Kg5 Rf1 70. Kg4 Rf2 71. Kg3 Rf1 72. Rf4 Rd1 73. Kf3 Rh1 74. Rf7+ Ke6 75. Rc7 Kd5 76. Rd7+ Kc4 77. Ke4 Re1+ 78. Kf4 Re2 79. Rd6 Re1 80. Rxc6 Kxd4 81. Rc8 Rf1+ 82. Kg5 1/2-1/2

[Event "Torre Blanca op Superior"]
[Site "Buenos Aires"]
[Date "2004.12.15"]
[Round "5"]
[White "Wainer, Daniel"]
[Black "Converset, Juan Jose"]
[Result "0-1"]
[WhiteElo "2133"]
[BlackElo "2252"]
[PlyCount "116"]
[EventDate "2004.12.02"]
[EventType "swiss"]
[EventRounds "9"]
[EventCountry "ARG"]
[SourceTitle "EXT 2006"]
[Source "ChessBase"]
[SourceDate "2005.11.24"]
[SourceVersion "1"]
[SourceVersionDate "2005.11.24"]
[SourceQuality "1"]

1. Nf3 Nf6 2. c4 g6 3. g3 Bg7 4. Bg2 0-0 5. 0-0 d6 6. Nc3 c6 7. d4 Qb6 8. Qc2 d5 9. c5 Qd8 10. Bg5 Bf5 11. Qc1 Qc8 12. Re1 Re8 13. Bxf6 Bxf6 14. Qf4 Na6 15. a3 Qc7 16. b4 Qxf4 17. gxf4 Nc7 18. Ne5 Bg7 19. e3 f6 20. Nf3 Bg4 21. a4 e5 22. dxe5 Bxf3 23. Bxf3 fxe5 24. fxe5 Rxe5 25. Rac1 Rf8 26. Bg2 Ref5 27. Re2 a6 28. Rd2 Bh6 29. Rcc2 Kh8 30. b5 axb5 31. axb5 Ne6 32. Re2 d4 33. exd4 Nxd4 34. bxc6 bxc6 35. Ne4 Nxe2+ 36. Rxe2 Rb8 37. Re1 Bf8 38. Rc1 Rb5 39. Rd1 Bxc5 40. Rd8+ Kg7 41. h4 Rb1+ 42. Kh2 Bxf2 43. Rd7+ Kh6 44. Kh3 Rb3+ 45. Kg4 Bxh4 46. Nd6 Rg3+ 47. Kxh4 Rxg2 48. Nxf5+ gxf5 49. Rf7 Kg6 50. Rd7 Rg4+ 51. Kh3 c5 52. Rd6+ Kg5 53. Rd7 h5 54. Rc7 c4 55. Rc8 h4 56. Rg8+ Kf4 57. Rc8 Ke3 58. Rc5 Rf4 0-1

[Event "Najdorf Memorial op"]
[Site "Buenos Aires"]
[Date "2002.09.28"]
[Round "6.31"]
[White "Cativelli, Gerardo"]
[Black "Wainer, Daniel"]
[Result "1-0"]
[WhiteElo "2230"]
[BlackElo "2110"]
[PlyCount "89"]
[EventDate "2002.09.23"]
[EventType "swiss"]
[EventRounds "8"]
[EventCountry "ARG"]
[SourceTitle "CBM 090 Extra"]
[Source "ChessBase"]
[SourceDate "2002.11.07"]
[SourceVersion "1"]
[SourceVersionDate "2002.11.07"]
[SourceQuality "1"]

1. d4 Nf6 2. c4 c5 3. d5 b5 4. cxb5 a6 5. b6 d6 6. Nc3 Nbd7 7. e4 g6 8. Nf3 Bg7 9. Be2 0-0 10. 0-0 Nxb6 11. a4 a5 12. Bg5 Ne8 13. Re1 Nc7 14. Bd3 f6 15. Bh4 Na6 16. Nd2 Nb4 17. Bf1 Rf7 18. Rc1 f5 19. Nc4 Nxc4 20. Bxc4 fxe4 21. Rxe4 Bf5 22. Re2 Bh6 23. Ra1 g5 24. Bg3 Bg7 25. Qd2 Nc2 26. Rc1 Nd4 27. Ree1 h6 28. Nb5 Nxb5 29. Bxb5 Bd7 30. Bxd7 Qxd7 31. b3 Qf5 32. Re3 Bd4 33. Rf3 Qxd5 34. Rxf7 Qxf7 35. h4 Qf5 36. Re1 e5 37. hxg5 hxg5 38. Qe2 Rf8 39. Rf1 Kg7 40. Qb5 Qg4 41. Bh2 Qh5 42. Qd7+ Rf7 43. Qxd6 Rxf2 44. Bxe5+ Rf6+ 45. Bxd4 1-0

[Event "Torre Blanca Otono op"]
[Site "Buenos Aires"]
[Date "2002.04.22"]
[Round "6"]
[White "Wainer, Daniel"]
[Black "Quarracino, Carlos"]
[Result "1-0"]
[WhiteElo "2104"]
[BlackElo "2232"]
[PlyCount "89"]
[EventDate "2002.04.??"]
[EventType "swiss"]
[EventRounds "7"]
[EventCountry "ARG"]
[SourceTitle "EXT 2005"]
[Source "ChessBase"]
[SourceDate "2004.11.15"]
[SourceVersion "1"]
[SourceVersionDate "2004.11.15"]
[SourceQuality "1"]

1. e4 Nf6 2. Nc3 e5 3. f4 d5 4. exd5 exf4 5. Bb5+ c6 6. dxc6 Nxc6 7. d4 Nd5 8. Nf3 Bb4 9. 0-0 Bxc3 10. bxc3 0-0 11. c4 Ne3 12. Bxe3 fxe3 13. Bxc6 bxc6 14. Qd3 Ba6 15. Rae1 Re8 16. Ne5 f6 17. Nxc6 Qb6 18. d5 e2+ 19. Rf2 Re3 20. c5 Rxd3 21. cxb6 Rd1 22. Rfxe2 Bxe2 23. Rxd1 Bxd1 24. b7 Re8 25. d6 Bg4 26. b8Q Rxb8 27. Nxb8 Kf7 28. c4 Ke6 29. c5 Kd5 30. d7 Bxd7 31. Nxd7 Kc6 32. Nf8 Kxc5 33. Kf2 Kb4 34. Ke3 Ka3 35. Kd3 a5 36. Kc2 Kxa2 37. Nxh7 Ka3 38. Kc3 f5 39. Ng5 a4 40. Nf3 Ka2 41. Kc2 a3 42. Nh4 Ka1 43. Nxf5 g5 44. Nd4 Ka2 45. Nb5 1-0

[Event "Torre Blanca Otono op"]
[Site "Buenos Aires"]
[Date "2002.04.11"]
[Round "3"]
[White "Ferrara, Alexis"]
[Black "Wainer, Daniel"]
[Result "1-0"]
[WhiteElo "2221"]
[BlackElo "2104"]
[PlyCount "83"]
[EventDate "2002.04.??"]
[EventType "swiss"]
[EventRounds "7"]
[EventCountry "ARG"]
[SourceTitle "EXT 2005"]
[Source "ChessBase"]
[SourceDate "2004.11.15"]
[SourceVersion "1"]
[SourceVersionDate "2004.11.15"]
[SourceQuality "1"]

1. d4 Nf6 2. c4 c5 3. d5 b5 4. cxb5 a6 5. Nc3 axb5 6. e4 b4 7. Nb5 Nxe4 8. Qe2 d6 9. Qxe4 g6 10. Bf4 Bf5 11. Qe3 Ra6 12. Bc4 Bg7 13. Qe2 Rb6 14. Nf3 0-0 15. 0-0 Nd7 16. a4 bxa3 17. Rxa3 Rb7 18. Ra7 Rxa7 19. Nxa7 Qb6 20. Nb5 Bf6 21. h3 Nb8 22. Bg5 Bd7 23. Bxf6 exf6 24. Nc3 Re8 25. Qd2 Bf5 26. Bb5 Bd7 27. Bxd7 Nxd7 28. Re1 Rb8 29. Re2 Kg7 30. Qf4 Ne5 31. Nd2 Nd3 32. Qf3 Ne5 33. Qg3 Qxb2 34. f4 Nd7 35. Kh2 Qa1 36. Re7 Nb6 37. f5 Rd8 38. Nde4 Nc4 39. Qh4 g5 40. Nxg5 Rh8 41. Rxf7+ Kg8 42. Qh6 1-0

[Event "Buenos Aires CC Argentino-ch Superior"]
[Site "Buenos Aires"]
[Date "2001.12.18"]
[Round "8"]
[White "Wainer, Daniel"]
[Black "Garcia, Sebastian"]
[Result "1-0"]
[WhiteElo "2102"]
[BlackElo "2170"]
[PlyCount "73"]
[EventDate "2001.12.03"]
[EventType "swiss"]
[EventRounds "9"]
[EventCountry "ARG"]
[SourceTitle "EXT 2003"]
[Source "ChessBase"]
[SourceDate "2002.11.25"]
[SourceVersion "1"]
[SourceVersionDate "2002.11.25"]
[SourceQuality "1"]

1. Nf3 d5 2. g3 Nf6 3. Bg2 e6 4. 0-0 Be7 5. d4 0-0 6. c4 b6 7. Nc3 Bb7 8. cxd5 Nxd5 9. Nxd5 exd5 10. Bf4 Na6 11. Qb3 c5 12. Rac1 c4 13. Qc2 Nc7 14. Ne5 b5 15. b3 Ne6 16. bxc4 bxc4 17. Be3 Qc7 18. Rb1 Rfb8 19. Qa4 f6 20. Qd7 fxe5 21. Qxe6+ Kh8 22. dxe5 Rd8 23. Bd4 Bf8 24. Qf5 Bc8 25. Qf3 Be6 26. Qe3 Qd7 27. Rb2 Bf5 28. f3 a6 29. g4 Bg6 30. e6 Qe8 31. f4 h6 32. f5 Bh7 33. Qxh6 Qc6 34. Qe3 Be7 35. g5 c3 36. g6 cxb2 37. Qh6 1-0

[Event "Torre Blanca Aug 01"]
[Site "Buenos Aires"]
[Date "2001.08.23"]
[Round "5"]
[White "Wainer, Daniel"]
[Black "Lida Garcia, Fernando"]
[Result "1/2-1/2"]
[WhiteElo "2091"]
[BlackElo "2140"]
[PlyCount "105"]
[EventDate "2001.08.??"]
[EventType "swiss"]
[EventRounds "7"]
[EventCountry "ARG"]
[SourceTitle "EXT 2005"]
[Source "ChessBase"]
[SourceDate "2004.11.15"]
[SourceVersion "1"]
[SourceVersionDate "2004.11.15"]
[SourceQuality "1"]

1. e4 e6 2. d4 d5 3. Nd2 dxe4 4. Nxe4 Nd7 5. Nf3 Ngf6 6. Ng3 c5 7. c3 Be7 8. Bd3 cxd4 9. cxd4 Bb4+ 10. Bd2 Qa5 11. 0-0 Bxd2 12. Nxd2 Qb6 13. Nb3 0-0 14. Rc1 a5 15. a4 Qb4 16. Rc4 Qd6 17. Nc5 b6 18. Nge4 Qf4 19. g3 Qh6 20. Nxd7 Bxd7 21. Nxf6+ Qxf6 22. Qh5 h6 23. Qe5 Ra7 24. Rfc1 Rd8 25. Be4 Qxe5 26. dxe5 Kf8 27. b3 b5 28. Rd4 Rb8 29. Bc6 Bxc6 30. Rxc6 bxa4 31. bxa4 Rb4 32. Rc8+ Ke7 33. Rdd8 f6 34. Re8+ Kf7 35. Rf8+ Kg6 36. exf6 gxf6 37. Rg8+ Rg7 38. Rge8 e5 39. Rc6 Kf5 40. Rf8 Rg6 41. Ra6 Rxa4 42. Rfa8 h5 43. Rxa5 Rxa5 44. Rxa5 h4 45. Kg2 hxg3 46. fxg3 Rg4 47. Kf3 Rb4 48. Ra3 e4+ 49. Ke3 Rb2 50. h3 Rb5 51. g4+ Ke5 52. h4 f5 53. gxf5 1/2-1/2

[Event "Torre Blanca Copa de Campeones"]
[Site "Buenos Aires"]
[Date "2000.11.10"]
[Round "3"]
[White "Wainer, Daniel"]
[Black "Bosco, Ricardo"]
[Result "1/2-1/2"]
[WhiteElo "2075"]
[BlackElo "2169"]
[PlyCount "51"]
[EventDate "2000.11.??"]
[EventType "swiss"]
[EventRounds "7"]
[EventCountry "ARG"]
[SourceTitle "EXT 2005"]
[Source "ChessBase"]
[SourceDate "2004.11.15"]
[SourceVersion "1"]
[SourceVersionDate "2004.11.15"]
[SourceQuality "1"]

1. e4 e6 2. d4 d5 3. Nd2 Nc6 4. c3 e5 5. exd5 Qxd5 6. Ngf3 exd4 7. Bc4 Qf5 8. 0-0 Be6 9. Qa4 0-0-0 10. Nxd4 Nxd4 11. cxd4 Kb8 12. Bxe6 Qxe6 13. Nf3 Bd6 14. d5 Qd7 15. Qd4 Ne7 16. Be3 b6 17. Rfd1 f6 18. Qc4 Nxd5 19. Rxd5 Bxh2+ 20. Kxh2 Qxd5 21. Qa4 Kb7 22. b4 a6 23. Rc1 Rhe8 24. Nd4 Re4 25. Qc2 Rd7 26. Nc6 1/2-1/2

[Event "IECG C1.1999.0.00252"]
[Site "IECG email"]
[Date "1999.12.30"]
[Round "?"]
[White "Gomez, Carlos"]
[Black "Wainer, Daniel"]
[Result "0-1"]
[WhiteElo "1950"]
[BlackElo "2109"]
[PlyCount "80"]
[EventDate "1999.12.30"]
[EventType "tourn (corr)"]
[EventRounds "6"]
[SourceTitle "Corr 2008"]
[Source "ChessBase"]
[SourceDate "2008.06.24"]
[SourceVersion "1"]
[SourceVersionDate "2008.06.24"]
[SourceQuality "1"]

1. e4 d5 2. e5 c5 3. c3 d4 4. Nf3 d3 5. Qa4+ Nc6 6. Qe4 g6 7. Qxd3 Bf5 8. Qb5 Qd5 9. Bc4 Qe4+ 10. Kf1 0-0-0 11. d3 Qxd3+ 12. Bxd3 Bxd3+ 13. Qxd3 Rxd3 14. Be3 Rd1+ 15. Ne1 Nxe5 16. Ke2 Rd5 17. Na3 b6 18. Nec2 Nf6 19. c4 Rd8 20. Rad1 Bg7 21. f3 Rxd1 22. Rxd1 Rd8 23. Rxd8+ Kxd8 24. b3 Nc6 25. Nb1 Ne8 26. Bd2 e6 27. Nc3 Nc7 28. Ne4 h6 29. Kd3 Ke7 30. Bc1 g5 31. g4 f5 32. gxf5 exf5 33. Ng3 Ke6 34. f4 g4 35. Ne3 Ne7 36. Bd2 Bd4 37. Nd1 Kf6 38. Ne3 Kg6 39. Ne2 Ne6 40. Nd5 Nc6 0-1